00495nam a2200169Ia 4500003000900000008004100009020002200050040001600072080001700088100002000105245009900125260004800224300001000272650001400282650001600296650001300312IN-BaIIA211028s9999 xx 000 0 eng d a978-0-691-15282-0 cIIA Library a51(091)bMAC aMackenzie, Dana 4aThe Universe in zero wordsbthe story of mathematics as told through equationscDana Mackenzie aPrincetonbPrinceton University Pressc2012 a224p. aAstronomy aMathematics aUniverse